Zahraničnoobchodné vzťahy medzi Slovenskom a Čínou a ich ďalšie perspektívy

Zmluvná základňa obchodnej spolupráce medzi EÚ a Čínou ako základ vzájomných slovensko-čínských vzťahov. Zahraničnoobchodné opatrenia vývozu a dovozu z Číny. Dovozné tarifné nástroje. Netradičné nástroje dovozu. Vývozné opatrenia. Perspektívne oblasti vzájomnej spolupráce.

Guardado en:
Detalles Bibliográficos
Autor principal: Kašťáková, Elena, 1974-
Formato: Capítulo de libro
Lenguaje:eslovaco
Materias:
Etiquetas: Agregar Etiqueta
Sin Etiquetas, Sea el primero en etiquetar este registro!

MARC

LEADER 00000naa$a2200000$$$4500
001 0113144
005 20240711105720.2
041 0 |a slo 
044 |a SK 
245 1 0 |a Zahraničnoobchodné vzťahy medzi Slovenskom a Čínou a ich ďalšie perspektívy  |c Elena Kašťáková 
520 |a Zmluvná základňa obchodnej spolupráce medzi EÚ a Čínou ako základ vzájomných slovensko-čínských vzťahov. Zahraničnoobchodné opatrenia vývozu a dovozu z Číny. Dovozné tarifné nástroje. Netradičné nástroje dovozu. Vývozné opatrenia. Perspektívne oblasti vzájomnej spolupráce. 
610 2 0 |a Slovensko 
610 2 0 |a obchod zahraničný 
610 2 0 |a Čína 
610 2 0 |a Európska únia 
610 2 0 |a dovoz 
610 2 0 |a vývoz 
610 2 0 |a spolupráca medzinárodná 
610 2 0 |a vzťahy obchodné 
100 1 |a Kašťáková, Elena, 1974-